| 000 | 01612cam a22001814a 4500 | ||
|---|---|---|---|
| 005 | 20250605164403.0 | ||
| 008 | 250528s ||||||||||||||||||||||||d | ||
| 035 | _a24674 | ||
| 040 |
_aGR-AtMCL _bgre _dGR-AtMCL _eAACR2 |
||
| 245 | 1 | _aΗ Καρδιά και η Ψυχή της Technohull Χτυπούν 100% Ελληνικά | |
| 260 |
_bΕμπορικό Και Βιομηχανικό Επιμελητήριο Αθηνών, _c2021 |
||
| 300 | _a64 | ||
| 520 | _aΟι Δυνατότητες Χρηματοδότησης για Επενδύσεις των Private Equity και Venture Capital Funds, Επιχειρηματικό Φόρουμ Ελλάδας-Βιετνάμ, Επιχειρηματική Αποστολή στη Λιβύη, Μικρές Επιχειρήσεις και Μεγάλες Προοπτικές, NanoViis Petroleum και η Νανοτεχνολογία στην Υπηρεσία της Πράσινης Ανάπτυξης, Ισχυρή Ανάπτυξη με Όπλο τις Επενδύσεις, Ρεκόρ Ανόδου για τις Ελληνικές Εξαγωγές μέσα στη Πανδημία, Η Επόμενη Μέρα της ΔΕΗ, Το Ελληνικό Οικοσύστημα Καινοτομίας - Οι Κορυφαίοι Τομείς Δραστηριότητας των Startups, Η Ελληνική Βιολογική Γεωργία και οι Ευκαιρίες στις Αναδυόμενες Αγορές, Πολιτιστική Ατζέντα. | ||
| 700 | 1 |
_aΜπρατάκος Γιάννης _99480 |
|
| 942 | _cCR | ||
| 999 |
_c9541 _d9541 |
||